| 000 | 00918nam a2200253 a 4500 | ||
|---|---|---|---|
| 001 | 21559 | ||
| 003 | BD-RjUL | ||
| 005 | 20211209000712.0 | ||
| 008 | 140304s1961 kab b 001 0 eng d | ||
| 035 | _a(BD-RjUL)21623 | ||
| 035 | _a(BD-RjUL) | ||
| 040 |
_aVCAV _beng _cVCAV _dABN-SNR |
||
| 041 | _aeng | ||
| 082 | 1 | 4 |
_a338.6042 _219 _bESI 1961 |
| 100 | 1 |
_aEstall, Robert C. _914496 |
|
| 245 | 1 | 0 |
_aIndustrial activity and economic geography : _ba study of the forces behind the geographical location of productive activity in manufacturing industry / _cR.C. Estall and R. Ogilvie Buchanan. |
| 260 |
_aLondon : _bHutchinson Univ. Press, _c1961. |
||
| 300 |
_a232 p. : _bill., maps ; _c19 cm. |
||
| 504 | _aIncludes index. | ||
| 650 | 0 |
_aIndustrial location. _966583 |
|
| 700 | 1 |
_aBuchanan, R. Ogilvie _q(Robert Ogilvie), _d1894- _966584 |
|
| 942 |
_2ddc _cBK |
||
| 999 |
_c21559 _d21559 |
||